000 00669nam a2200205 i 4500
001 61162
003 ES-MaACL
005 20250815112206.0
007 t|
008 031110s1941 sp |||| | spa d
100 1 _aEuken, Arnaldo.
_948324
245 1 0 _aQuímica física /
_cpor Arnaldo Eucken ; traducción de la cuarta edición alemana por R. de Izaguirre y C. del Fresno.
260 _aBarcelona :
_bManuel Marín,
_c1941 (
_fLa Neotipia)
300 _aXX, 688 p. ;
_c24 cm.
650 7 _aQuímica física
_2embne
_9136798
700 1 _aIzaguirre, R. de.
_965680
700 1 _aFresno, Carlos del.
_952534
852 _aES-MaACL
_jB-9804
999 _c61162
_d61162